Hello Ruby Cuộc phiêu lưu vào thế giới lập trình
"Hello Ruby - Cuộc Phiêu Lưu Vào Thế Giới Lập Trình" là một cuốn sách phiêu lưu hấp dẫn, dành cho các độc giả nhí muốn khám phá và học hỏi về lập trình một cách thú vị. Trong câu chuyện này, Ruby - nhân vật chính, sẽ bắt đầu một...
Bewaard in:
| Hoofdauteur: | |
|---|---|
| Andere auteurs: | , |
| Formaat: | Boek |
| Taal: | Vietnamese |
| Gepubliceerd in: |
H.
Kim Đồng
2023
|
| Onderwerpen: | |
| Tags: |
Voeg label toe
Geen labels, Wees de eerste die dit record labelt!
|
| Thư viện lưu trữ: | Thư viện Trường Đại học Nam Cần Thơ |
|---|
| LEADER | 01328nam a22002177a 4500 | ||
|---|---|---|---|
| 001 | NCT_4_010818 | ||
| 008 | 240617b xxu||||| |||| 00| 0 vie d | ||
| 999 | |c 8491 |d 8491 | ||
| 020 | |c 125000 |a 9786042335669 | ||
| 082 | 0 | 4 | |2 23rd ed. |a 005.13 |b L783 |
| 100 | 1 | |a Liukas, Linda | |
| 245 | 1 | 0 | |a Hello Ruby Cuộc phiêu lưu vào thế giới lập trình |c Linda Liukas ; Dịch: Đức Anh, Quỳnh Anh |
| 260 | |a H. |b Kim Đồng |c 2023 | ||
| 300 | |a 112 tr. |b tranh vẽ |c 24cm | ||
| 520 | 3 | |a "Hello Ruby - Cuộc Phiêu Lưu Vào Thế Giới Lập Trình" là một cuốn sách phiêu lưu hấp dẫn, dành cho các độc giả nhí muốn khám phá và học hỏi về lập trình một cách thú vị. Trong câu chuyện này, Ruby - nhân vật chính, sẽ bắt đầu một cuộc hành trình để tìm kiếm kho báu bằng cách giải quyết các câu đố lập trình khác nhau. | |
| 653 | |a Tham khảo | ||
| 700 | 0 | |a Đức Anh |e dịch | |
| 700 | 0 | |a Quỳnh Anh |e dịch | |
| 942 | |2 ddc |c BK | ||
| 952 | |0 0 |1 0 |2 ddc |4 0 |6 005_130000000000000_L783 |7 0 |9 29179 |a 000001 |b 000001 |d 2024-06-18 |o 005.13 L783 |p TK.04382 |r 2024-06-18 |v 125000.00 |w 2024-06-18 |y BK | ||
| 980 | |a Thư viện Trường Đại học Nam Cần Thơ | ||


